| 000 | 01199nam a2200229 a 4500 | ||
|---|---|---|---|
| 005 | 20151123083612.0 | ||
| 008 | 151123b xxu||||| |||| 00| 0 spa d | ||
| 040 |
_aCO-BoIAVH _cCO-BoIAVH |
||
| 041 | _aspa | ||
| 090 |
_aLB _b00254 |
||
| 100 |
_aLowy C., Petter D. _97168 |
||
| 245 | _aClima, vegetación y lista de especies de la Región Orinoquia | ||
| 260 |
_aBogotá _bICN _c1994? |
||
| 300 | _a197 p. | ||
| 650 |
_aInventarios floristicos _97117 |
||
| 650 |
_aClima _942596 |
||
| 650 |
_aVegetación _942597 |
||
| 650 |
_aEspecies Especies _942598 |
||
| 650 |
_aRecurso Hidrico _93128 |
||
| 700 |
_aRangel Ch., J. Orlando _942599 |
||
| 942 |
_cINFORME _01 _2z |
||
| 999 |
_c274 _d274 |
||